[Event "ODJM B 2023"]
[Site "Willingen GER"]
[Date "2023.05.31"]
[Round "6"]
[White "Duchstein, Anna"]
[Black "Bakó, Evelin"]
[Result "1-0"]
[Termination "normal"]
[Board "27"]
[WhiteElo "1568"]
[BlackElo "1162"]
[WhiteClock "01:01:03"]
[BlackClock "00:43:15"]
[PlyCount "55"]
[WhiteFideId "16261372"]
[BlackFideId "16271823"]
[EventCountry "GER"]
[EventRounds "9"]
[EventType "swiss"]
[EventDate "2023.05.27"]

1. e4 {[%clk 01:30:54]} {[%emt 00:00:05]} e5 {[%clk 01:30:56]} {[%emt
00:00:05]} 2. Nf3 {[%clk 01:31:21]} {[%emt 00:00:03]} Nf6 {[%clk 01:31:20]}
{[%emt 00:00:05]} 3. Nc3 {[%clk 01:31:23]} {[%emt 00:00:29]} Nc6 {[%clk
01:31:43]} {[%emt 00:00:06]} 4. Bc4 {[%clk 01:31:48]} {[%emt 00:00:05]} Nxe4
{[%clk 01:32:05]} {[%emt 00:00:08]} 5. Nxe4 {[%clk 01:32:09]} {[%emt 00:00:09]}
d5 {[%clk 01:32:32]} {[%emt 00:00:03]} 6. Bxd5 {[%clk 01:32:32]} {[%emt
00:00:08]} Qxd5 {[%clk 01:32:54]} {[%emt 00:00:07]} 7. Nc3 {[%clk 01:31:50]}
{[%emt 00:01:13]} Qd8 {[%clk 01:31:45]} {[%emt 00:01:37]} 8. h3 {[%clk
01:30:40]} {[%emt 00:01:41]} Bd6 {[%clk 01:29:23]} {[%emt 00:02:52]} 9. O-O
{[%clk 01:30:41]} {[%emt 00:00:29]} O-O {[%clk 01:29:36]} {[%emt 00:00:17]} 10.
d3 {[%clk 01:30:24]} {[%emt 00:00:47]} Bd7 {[%clk 01:28:09]} {[%emt 00:01:57]}
11. Be3 {[%clk 01:28:14]} {[%emt 00:02:40]} f5 {[%clk 01:24:10]} {[%emt
00:04:28]} 12. Bg5 {[%clk 01:24:55]} {[%emt 00:03:50]} Qe8 {[%clk 01:23:09]}
{[%emt 00:01:31]} 13. Bd2 {[%clk 01:21:04]} {[%emt 00:04:21]} f4 {[%clk
01:21:31]} {[%emt 00:02:07]} 14. Ne4 {[%clk 01:20:20]} {[%emt 00:01:15]} Bf5
{[%clk 01:16:59]} {[%emt 00:05:02]} 15. Bc3 {[%clk 01:16:35]} {[%emt 00:04:15]}
Bxe4 {[%clk 01:15:23]} {[%emt 00:02:05]} 16. dxe4 {[%clk 01:16:23]} {[%emt
00:00:43]} Rf6 {[%clk 01:15:37]} {[%emt 00:00:15]} 17. Nh4 {[%clk 01:13:14]}
{[%emt 00:03:41]} Rd8 {[%clk 01:11:42]} {[%emt 00:04:25]} 18. Qe2 {[%clk
01:09:58]} {[%emt 00:03:45]} Bc5 {[%clk 01:07:29]} {[%emt 00:04:41]} 19. Qc4+
{[%clk 01:09:22]} {[%emt 00:01:08]} Qe6 {[%clk 01:03:26]} {[%emt 00:04:31]} 20.
Qxc5 {[%clk 01:06:38]} {[%emt 00:03:16]} f3 {[%clk 01:03:26]} {[%emt 00:00:30]}
21. Nxf3 {[%clk 01:03:33]} {[%emt 00:03:36]} Rxf3 {[%clk 01:03:11]} {[%emt
00:00:44]} 22. gxf3 {[%clk 01:01:26]} {[%emt 00:02:37]} Rf8 {[%clk 01:00:14]}
{[%emt 00:03:26]} 23. Qd5 {[%clk 01:01:17]} {[%emt 00:00:40]} Qxd5 {[%clk
00:59:57]} {[%emt 00:00:47]} 24. exd5 {[%clk 01:01:36]} {[%emt 00:00:12]} Ne7
{[%clk 00:57:50]} 25. Bxe5 {[%clk 01:01:39]} {[%emt 00:03:03]} Nxd5 {[%clk
00:57:53]} {[%emt 00:00:26]} 26. f4 {[%clk 01:01:01]} {[%emt 00:01:09]} Nxf4
{[%clk 00:43:15]} {[%emt 00:15:08]} 27. Bxf4 {[%clk 01:01:26]} {[%emt
00:00:05]} Rxf4 {[%clk 00:43:15]} {[%emt 00:00:30]} 28. Rfe1 {[%clk 01:01:03]}
{[%emt 00:00:54]} 1-0

[Event "ODJM B 2023"]
[Site "Willingen GER"]
[Date "2023.05.31"]
[Round "6"]
[White "Jansen, Malte"]
[Black "Schächtelin, Jakob"]
[Result "0-1"]
[Termination "normal"]
[Board "28"]
[WhiteElo "1503"]
[BlackElo "1468"]
[WhiteClock "00:34:53"]
[BlackClock "01:03:23"]
[PlyCount "52"]
[WhiteFideId "16295137"]
[BlackFideId "34620834"]
[EventCountry "GER"]
[EventRounds "9"]
[EventType "swiss"]
[EventDate "2023.05.27"]

1. e4 {[%clk 01:30:56]} {[%emt 00:00:04]} e5 {[%clk 01:30:56]} {[%emt
00:00:05]} 2. Nf3 {[%clk 01:31:07]} {[%emt 00:00:18]} Nf6 {[%clk 01:31:22]}
{[%emt 00:00:05]} 3. Nxe5 {[%clk 01:30:59]} {[%emt 00:00:37]} d6 {[%clk
01:31:48]} {[%emt 00:00:04]} 4. Nf3 {[%clk 01:30:58]} {[%emt 00:00:30]} Nxe4
{[%clk 01:32:13]} {[%emt 00:00:06]} 5. d4 {[%clk 01:30:22]} {[%emt 00:01:07]}
d5 {[%clk 01:32:40]} {[%emt 00:00:03]} 6. Bd3 {[%clk 01:29:44]} {[%emt
00:01:07]} Be7 {[%clk 01:33:07]} {[%emt 00:00:04]} 7. Bf4 {[%clk 01:28:50]}
{[%emt 00:01:23]} O-O {[%clk 01:32:48]} {[%emt 00:00:49]} 8. Nbd2 {[%clk
01:27:35]} {[%emt 00:01:45]} Bf5 {[%clk 01:32:57]} {[%emt 00:00:20]} 9. O-O
{[%clk 01:26:27]} {[%emt 00:01:39]} Nd7 {[%clk 01:31:53]} {[%emt 00:01:34]} 10.
Re1 {[%clk 01:25:21]} {[%emt 00:01:36]} Ndf6 {[%clk 01:31:04]} {[%emt
00:01:18]} 11. Ne5 {[%clk 01:15:10]} {[%emt 00:10:42]} c6 {[%clk 01:28:24]}
{[%emt 00:03:11]} 12. f3 {[%clk 01:07:14]} {[%emt 00:08:26]} Nd6 {[%clk
01:27:02]} {[%emt 00:01:51]} 13. Nxc6 {[%clk 01:05:51]} {[%emt 00:01:54]} bxc6
{[%clk 01:27:25]} {[%emt 00:00:07]} 14. Bxd6 {[%clk 01:06:14]} {[%emt
00:00:07]} Bxd6 {[%clk 01:27:48]} {[%emt 00:00:08]} 15. Bxf5 {[%clk 01:06:36]}
{[%emt 00:00:08]} Rb8 {[%clk 01:27:10]} {[%emt 00:01:07]} 16. Nb3 {[%clk
01:05:01]} {[%emt 00:02:04]} Nh5 {[%clk 01:26:46]} {[%emt 00:00:54]} 17. Qd2
{[%clk 01:02:09]} {[%emt 00:03:22]} Qh4 {[%clk 01:24:45]} {[%emt 00:02:29]} 18.
Bh3 {[%clk 00:47:40]} {[%emt 00:15:02]} Nf4 {[%clk 01:21:20]} {[%emt 00:03:55]}
19. Bd7 {[%clk 00:46:07]} {[%emt 00:02:03]} Nh5 {[%clk 01:10:09]} {[%emt
00:11:42]} 20. g3 {[%clk 00:41:48]} {[%emt 00:04:48]} Qf6 {[%clk 01:09:40]}
{[%emt 00:00:59]} 21. Qf2 {[%clk 00:40:07]} {[%emt 00:02:11]} Bc7 {[%clk
01:09:03]} {[%emt 00:01:07]} 22. Re2 {[%clk 00:39:21]} {[%emt 00:01:16]} Qg6
{[%clk 01:07:51]} {[%emt 00:01:41]} 23. Kh1 {[%clk 00:37:42]} {[%emt 00:02:09]}
Bxg3 {[%clk 01:03:22]} {[%emt 00:05:00]} 24. hxg3 {[%clk 00:34:12]} {[%emt
00:04:00]} Nxg3+ {[%clk 01:03:25]} {[%emt 00:00:27]} 25. Kh2 {[%clk 00:34:29]}
{[%emt 00:00:13]} Nxe2 {[%clk 01:03:10]} {[%emt 00:00:45]} 26. Qxe2 {[%clk
00:34:53]} {[%emt 00:00:07]} Qd6+ {[%clk 01:03:23]} {[%emt 00:00:16]} 0-1

[Event "ODJM B 2023"]
[Site "Willingen GER"]
[Date "2023.05.31"]
[Round "6"]
[White "Schöne, Finn"]
[Black "Eitel, Luc"]
[Result "0-1"]
[Termination "normal"]
[Board "29"]
[WhiteElo "1411"]
[BlackElo "1424"]
[WhiteClock "00:16:47"]
[BlackClock "00:09:04"]
[PlyCount "108"]
[WhiteFideId "34623493"]
[BlackFideId "16299728"]
[EventCountry "GER"]
[EventRounds "9"]
[EventType "swiss"]
[EventDate "2023.05.27"]

1. d4 {[%clk 01:31:00]} d5 {[%clk 01:30:47]} {[%emt 00:00:13]} 2. Nc3 {[%clk
01:31:27]} {[%emt 00:00:03]} Nf6 {[%clk 01:31:09]} {[%emt 00:00:07]} 3. Bf4
{[%clk 01:31:55]} {[%emt 00:00:03]} c5 {[%clk 01:31:05]} {[%emt 00:00:34]} 4.
e3 {[%clk 01:32:20]} {[%emt 00:00:05]} cxd4 {[%clk 01:30:09]} {[%emt 00:01:26]}
5. exd4 {[%emt 00:00:11]} Bg4 {[%clk 01:30:03]} {[%emt 00:00:33]} 6. Be2 {[%clk
01:32:16]} {[%emt 00:00:55]} Bxe2 {[%clk 01:30:28]} {[%emt 00:00:06]} 7. Qxe2
{[%clk 01:32:40]} {[%emt 00:00:06]} Nc6 {[%clk 01:25:21]} {[%emt 00:05:37]} 8.
Nf3 {[%clk 01:31:23]} {[%emt 00:01:47]} a6 {[%clk 01:23:25]} {[%emt 00:02:26]}
9. Qd3 {[%clk 01:12:41]} {[%emt 00:19:12]} e6 {[%clk 01:22:38]} {[%emt
00:01:16]} 10. O-O {[%clk 01:12:14]} {[%emt 00:00:57]} Bd6 {[%clk 01:22:21]}
{[%emt 00:00:45]} 11. Ne2 {[%clk 01:08:02]} {[%emt 00:04:44]} Bxf4 {[%clk
01:19:02]} {[%emt 00:03:49]} 12. Nxf4 {[%clk 01:08:26]} {[%emt 00:00:06]} Qd6
{[%clk 01:18:34]} {[%emt 00:00:56]} 13. Ne2 {[%clk 01:07:23]} {[%emt 00:01:34]}
O-O {[%clk 01:17:21]} {[%emt 00:01:44]} 14. Rfe1 {[%clk 01:04:22]} {[%emt
00:03:31]} Rac8 {[%clk 01:15:16]} {[%emt 00:02:33]} 15. c3 {[%clk 01:03:56]}
{[%emt 00:00:58]} Rc7 {[%clk 01:03:55]} {[%emt 00:11:52]} 16. Ng3 {[%clk
01:01:39]} {[%emt 00:02:47]} Rfc8 {[%clk 01:00:46]} {[%emt 00:03:39]} 17. Ne5
{[%clk 00:57:41]} {[%emt 00:04:28]} Na5 {[%clk 00:54:53]} {[%emt 00:06:21]} 18.
Rac1 {[%clk 00:55:22]} {[%emt 00:02:51]} b5 {[%clk 00:54:14]} {[%emt 00:01:08]}
19. b3 {[%clk 00:52:42]} {[%emt 00:03:10]} Nd7 {[%clk 00:49:02]} {[%emt
00:05:41]} 20. Nxd7 {[%clk 00:41:47]} {[%emt 00:11:27]} Qxd7 {[%clk 00:48:28]}
{[%emt 00:01:05]} 21. Qd2 {[%clk 00:41:38]} {[%emt 00:00:38]} Nb7 {[%clk
00:47:04]} {[%emt 00:01:53]} 22. Nh5 {[%clk 00:35:00]} {[%emt 00:07:08]} Qd8
{[%clk 00:42:29]} {[%emt 00:04:51]} 23. Re3 {[%clk 00:34:19]} {[%emt 00:01:26]}
Nd6 {[%clk 00:42:16]} {[%emt 00:00:43]} 24. Rg3 {[%clk 00:34:07]} {[%emt
00:00:41]} Nf5 {[%clk 00:41:31]} {[%emt 00:01:14]} 25. Rh3 {[%clk 00:34:26]}
{[%emt 00:00:12]} g6 {[%clk 00:30:22]} {[%emt 00:11:39]} 26. Ng3 {[%clk
00:34:27]} {[%emt 00:00:29]} Nxg3 {[%clk 00:29:44]} {[%emt 00:01:08]} 27. Rxg3
{[%clk 00:33:57]} {[%emt 00:01:00]} Rc6 {[%clk 00:23:48]} {[%emt 00:06:25]} 28.
Re1 {[%clk 00:28:16]} {[%emt 00:06:12]} b4 {[%clk 00:19:47]} {[%emt 00:04:31]}
29. Ree3 {[%clk 00:22:48]} {[%emt 00:05:54]} Qa5 {[%clk 00:15:19]} {[%emt
00:04:59]} 30. cxb4 {[%clk 00:18:41]} {[%emt 00:04:40]} Rc1+ {[%clk 00:15:21]}
{[%emt 00:00:28]} 31. Re1 {[%clk 00:19:05]} {[%emt 00:00:06]} Rxe1+ {[%clk
00:15:39]} {[%emt 00:00:12]} 32. Qxe1 {[%clk 00:19:32]} {[%emt 00:00:04]} Qxb4
{[%clk 00:15:36]} {[%emt 00:00:32]} 33. Qe3 {[%clk 00:12:42]} {[%emt 00:07:20]}
Qxd4 {[%clk 00:14:58]} {[%emt 00:01:08]} 34. h3 {[%clk 00:12:31]} {[%emt
00:00:42]} Qa1+ {[%clk 00:13:09]} {[%emt 00:02:12]} 35. Kh2 {[%clk 00:12:57]}
{[%emt 00:00:11]} Qxa2 {[%clk 00:12:10]} {[%emt 00:01:29]} 36. Rf3 {[%clk
00:12:50]} {[%emt 00:00:36]} Qc2 {[%clk 00:11:12]} {[%emt 00:01:17]} 37. Qa7
{[%clk 00:13:13]} {[%emt 00:00:18]} Qc7+ {[%clk 00:10:53]} {[%emt 00:00:49]}
38. Qxc7 {[%clk 00:13:31]} {[%emt 00:00:13]} Rxc7 {[%clk 00:11:18]} {[%emt
00:00:04]} 39. Rd3 {[%clk 00:13:34]} {[%emt 00:00:26]} h5 {[%clk 00:10:21]}
{[%emt 00:01:28]} 40. Kg3 {[%clk 00:13:49]} {[%emt 00:00:15]} Kg7 {[%clk
00:08:59]} {[%emt 00:01:52]} 41. Kf4 {[%clk 00:14:01]} {[%emt 00:00:18]} Kf6
{[%clk 00:08:39]} {[%emt 00:00:50]} 42. f3 {[%clk 00:14:12]} {[%emt 00:00:19]}
e5+ {[%clk 00:08:40]} {[%emt 00:00:29]} 43. Kg3 {[%clk 00:14:28]} {[%emt
00:00:15]} d4 {[%clk 00:08:14]} {[%emt 00:00:55]} 44. f4 {[%clk 00:14:23]}
{[%emt 00:00:36]} Rc3 {[%clk 00:08:13]} {[%emt 00:00:29]} 45. fxe5+ {[%clk
00:14:20]} {[%emt 00:00:34]} Kxe5 {[%clk 00:08:13]} {[%emt 00:00:31]} 46. Rf3
{[%clk 00:14:49]} Rxf3+ {[%clk 00:07:45]} {[%emt 00:00:59]} 47. Kxf3 {[%clk
00:15:14]} {[%emt 00:00:05]} f5 {[%clk 00:07:50]} {[%emt 00:00:23]} 48. g3
{[%clk 00:15:22]} {[%emt 00:00:23]} g5 {[%clk 00:07:34]} {[%emt 00:00:45]} 49.
h4 {[%clk 00:15:25]} {[%emt 00:00:28]} g4+ {[%clk 00:07:55]} {[%emt 00:00:09]}
50. Ke2 {[%clk 00:15:48]} {[%emt 00:00:08]} Ke4 {[%clk 00:08:17]} {[%emt
00:00:07]} 51. b4 {[%clk 00:15:44]} {[%emt 00:00:35]} f4 {[%emt 00:00:41]} 52.
gxf4 {[%clk 00:15:59]} Kxf4 {[%clk 00:08:45]} {[%emt 00:00:04]} 53. Kd3 {[%clk
00:16:21]} {[%emt 00:00:08]} g3 {[%clk 00:09:04]} {[%emt 00:00:11]} 54. Kxd4
{[%clk 00:16:47]} {[%emt 00:00:03]} g2 {[%emt 00:00:05]} 0-1

[Event "ODJM B 2023"]
[Site "Willingen GER"]
[Date "2023.05.31"]
[Round "6"]
[White "Kraus, Linus"]
[Black "Heitmann, Erik"]
[Result "1-0"]
[Termination "normal"]
[Board "30"]
[WhiteElo "1532"]
[BlackElo "1236"]
[WhiteClock "00:26:04"]
[BlackClock "00:44:57"]
[PlyCount "117"]
[WhiteFideId "34629629"]
[BlackFideId "34608940"]
[EventCountry "GER"]
[EventRounds "9"]
[EventType "swiss"]
[EventDate "2023.05.27"]

1. e4 {[%clk 01:30:46]} {[%emt 00:00:13]} c5 {[%clk 01:30:51]} {[%emt
00:00:10]} 2. Nf3 {[%clk 01:30:36]} {[%emt 00:00:39]} d6 {[%clk 01:31:10]}
{[%emt 00:00:11]} 3. c3 {[%clk 01:30:03]} {[%emt 00:01:02]} Nf6 {[%clk
01:30:51]} {[%emt 00:00:51]} 4. Be2 {[%clk 01:25:17]} {[%emt 00:05:15]} e6
{[%clk 01:29:40]} {[%emt 00:01:42]} 5. O-O {[%clk 01:23:28]} {[%emt 00:02:17]}
Be7 {[%clk 01:29:40]} {[%emt 00:00:31]} 6. d3 {[%clk 01:22:41]} {[%emt
00:01:16]} O-O {[%clk 01:29:50]} {[%emt 00:00:22]} 7. Bg5 {[%clk 01:19:36]}
{[%emt 00:03:34]} Qc7 {[%clk 01:29:28]} {[%emt 00:00:53]} 8. Nbd2 {[%clk
01:18:58]} {[%emt 00:01:07]} Nc6 {[%clk 01:29:40]} {[%emt 00:00:18]} 9. Qc2
{[%clk 01:17:47]} {[%emt 00:01:41]} b6 {[%clk 01:28:01]} {[%emt 00:02:09]} 10.
d4 {[%clk 01:16:02]} {[%emt 00:02:16]} cxd4 {[%clk 01:28:22]} {[%emt 00:00:09]}
11. cxd4 {[%clk 01:16:23]} {[%emt 00:00:08]} Qb7 {[%emt 00:02:20]} 12. Rac1
{[%clk 01:14:11]} {[%emt 00:02:39]} Bd7 {[%clk 01:25:07]} {[%emt 00:01:59]} 13.
a3 {[%clk 01:12:42]} {[%emt 00:01:58]} Rac8 {[%clk 01:24:01]} {[%emt 00:01:37]}
14. Qd3 {[%clk 01:12:31]} {[%emt 00:00:40]} h6 {[%clk 01:23:26]} {[%emt
00:01:05]} 15. Bh4 {[%clk 01:12:26]} {[%emt 00:00:35]} Rc7 {[%clk 01:12:26]}
{[%emt 00:11:31]} 16. e5 {[%clk 01:06:48]} {[%emt 00:06:08]} dxe5 {[%clk
01:11:27]} {[%emt 00:01:29]} 17. dxe5 {[%clk 01:07:08]} {[%emt 00:00:09]} Nd5
{[%clk 01:11:10]} {[%emt 00:00:47]} 18. Bxe7 {[%clk 01:07:08]} {[%emt
00:00:30]} Ncxe7 {[%clk 01:09:21]} {[%emt 00:02:20]} 19. Qe4 {[%clk 01:03:00]}
{[%emt 00:04:38]} b5 {[%clk 01:08:09]} {[%emt 00:01:41]} 20. Bd3 {[%clk
01:00:32]} {[%emt 00:02:58]} Ng6 {[%clk 01:06:01]} {[%emt 00:02:38]} 21. Nh4
{[%clk 00:54:29]} {[%emt 00:06:34]} Ndf4 {[%clk 01:00:21]} {[%emt 00:06:09]}
22. Nxg6 {[%clk 00:52:42]} {[%emt 00:02:16]} Nxg6 {[%clk 00:59:35]} {[%emt
00:01:18]} 23. Qxb7 {[%clk 00:45:49]} {[%emt 00:07:21]} Rxb7 {[%clk 00:59:54]}
{[%emt 00:00:12]} 24. Be4 {[%clk 00:45:34]} {[%emt 00:00:45]} Rbb8 {[%clk
00:59:48]} {[%emt 00:00:36]} 25. Rc7 {[%clk 00:43:45]} {[%emt 00:02:18]} Rfd8
{[%clk 01:00:01]} {[%emt 00:00:16]} 26. Nf3 {[%clk 00:42:50]} {[%emt 00:01:27]}
Be8 {[%clk 00:58:19]} {[%emt 00:02:13]} 27. Rfc1 {[%emt 00:07:24]} Nf4 {[%clk
00:57:11]} 28. Kf1 {[%clk 00:32:55]} {[%emt 00:05:07]} b4 {[%clk 00:55:50]}
{[%emt 00:01:52]} 29. Bc6 {[%clk 00:33:06]} {[%emt 00:00:19]} Bxc6 {[%clk
00:55:11]} {[%emt 00:01:08]} 30. R7xc6 {[%clk 00:29:44]} {[%emt 00:03:52]} Nd3
{[%clk 00:51:03]} {[%emt 00:04:38]} 31. Rd1 {[%clk 00:29:03]} {[%emt 00:01:12]}
bxa3 {[%clk 00:48:58]} {[%emt 00:02:35]} 32. bxa3 {[%emt 00:00:44]} Rd5 {[%clk
00:40:20]} {[%emt 00:09:07]} 33. Rd6 {[%clk 00:23:28]} {[%emt 00:05:52]} Rd8
{[%clk 00:39:15]} {[%emt 00:01:35]} 34. Rxd8+ {[%clk 00:23:29]} {[%emt
00:00:29]} Rxd8 {[%clk 00:39:44]} 35. Ne1 {[%clk 00:23:46]} {[%emt 00:00:12]}
Rd5 {[%clk 00:39:20]} {[%emt 00:00:53]} 36. Nxd3 {[%clk 00:23:37]} {[%emt
00:00:40]} Ra5 {[%clk 00:39:26]} {[%emt 00:00:24]} 37. Ra1 {[%clk 00:23:37]}
{[%emt 00:00:29]} Kf8 {[%clk 00:39:47]} {[%emt 00:00:11]} 38. Ke2 {[%clk
00:23:50]} {[%emt 00:00:16]} Ke7 {[%clk 00:40:11]} {[%emt 00:00:07]} 39. a4
{[%clk 00:23:12]} {[%emt 00:01:08]} Kd7 {[%clk 00:40:37]} {[%emt 00:00:04]} 40.
Ke3 {[%clk 00:23:20]} {[%emt 00:00:21]} Kc6 {[%clk 00:41:06]} 41. Kd4 {[%clk
00:23:07]} {[%emt 00:00:44]} f6 {[%clk 00:40:48]} {[%emt 00:00:47]} 42. f4
{[%clk 00:21:46]} {[%emt 00:01:51]} Rd5+ {[%clk 00:40:55]} {[%emt 00:00:23]}
43. Kc4 {[%clk 00:21:33]} {[%emt 00:00:43]} a5 {[%clk 00:40:51]} {[%emt
00:00:34]} 44. Rb1 {[%clk 00:21:21]} {[%emt 00:00:42]} f5 {[%clk 00:40:57]}
{[%emt 00:00:24]} 45. Rb5 {[%clk 00:21:37]} {[%emt 00:00:14]} Rxb5 {[%clk
00:41:25]} {[%emt 00:00:02]} 46. axb5+ {[%clk 00:21:55]} {[%emt 00:00:12]} Kb6
{[%clk 00:41:46]} {[%emt 00:00:09]} 47. Nb2 {[%clk 00:22:13]} {[%emt 00:00:12]}
g6 {[%clk 00:41:53]} {[%emt 00:00:23]} 48. Na4+ {[%clk 00:22:36]} {[%emt
00:00:07]} Kb7 {[%clk 00:42:17]} {[%emt 00:00:06]} 49. h4 {[%clk 00:22:52]}
{[%emt 00:00:13]} Kc7 {[%clk 00:42:25]} {[%emt 00:00:23]} 50. Kc5 {[%clk
00:23:16]} {[%emt 00:00:07]} h5 {[%clk 00:42:48]} {[%emt 00:00:06]} 51. g3
{[%clk 00:23:29]} {[%emt 00:00:17]} g5 {[%clk 00:43:13]} {[%emt 00:00:05]} 52.
hxg5 {[%clk 00:23:52]} {[%emt 00:00:07]} h4 {[%clk 00:43:37]} {[%emt 00:00:07]}
53. gxh4 {[%clk 00:24:15]} {[%emt 00:00:07]} Kd7 {[%clk 00:44:02]} {[%emt
00:00:04]} 54. b6 {[%clk 00:24:37]} {[%emt 00:00:08]} Kc8 {[%clk 00:44:24]}
{[%emt 00:00:08]} 55. Kc6 {[%clk 00:24:54]} {[%emt 00:00:14]} Kb8 {[%clk
00:44:48]} {[%emt 00:00:05]} 56. b7 {[%clk 00:25:06]} {[%emt 00:00:18]} Ka7
{[%clk 00:45:04]} {[%emt 00:00:14]} 57. Kc7 {[%clk 00:25:28]} {[%emt 00:00:09]}
Ka6 {[%clk 00:44:57]} {[%emt 00:00:37]} 58. b8=R {[%clk 00:25:49]} {[%emt
00:00:08]} Ka7 {[%emt 00:00:13]} 59. Rb6 {[%clk 00:26:04]} {[%emt 00:00:14]}
1-0

[Event "ODJM B 2023"]
[Site "Willingen GER"]
[Date "2023.05.31"]
[Round "6"]
[White "Loßin, Charlotte"]
[Black "Fettig, Michel"]
[Result "1/2-1/2"]
[Termination "normal"]
[Board "31"]
[WhiteElo "1518"]
[BlackElo "1457"]
[WhiteClock "00:01:34"]
[BlackClock "00:44:39"]
[PlyCount "80"]
[WhiteFideId "16218345"]
[BlackFideId "34608982"]
[EventCountry "GER"]
[EventRounds "9"]
[EventType "swiss"]
[EventDate "2023.05.27"]

1. d4 {[%clk 01:30:56]} {[%emt 00:00:04]} Nf6 {[%clk 01:30:39]} {[%emt
00:00:21]} 2. Nf3 {[%clk 01:31:11]} {[%emt 00:00:15]} d5 {[%clk 01:30:50]}
{[%emt 00:00:18]} 3. e3 {[%clk 01:31:30]} {[%emt 00:00:11]} e6 {[%clk
01:30:58]} {[%emt 00:00:22]} 4. Bd3 {[%clk 01:31:25]} {[%emt 00:00:36]} c5
{[%clk 01:30:37]} {[%emt 00:00:50]} 5. c3 {[%clk 01:31:41]} {[%emt 00:00:16]}
Nc6 {[%clk 01:29:26]} {[%emt 00:01:41]} 6. Nbd2 {[%clk 01:31:24]} {[%emt
00:00:47]} c4 {[%clk 01:28:27]} {[%emt 00:01:28]} 7. Bc2 {[%clk 01:31:45]}
{[%emt 00:00:09]} b5 {[%clk 01:28:06]} {[%emt 00:00:51]} 8. O-O {[%clk
01:30:01]} {[%emt 00:02:14]} Be7 {[%clk 01:27:09]} {[%emt 00:01:26]} 9. e4
{[%clk 01:28:26]} {[%emt 00:02:06]} O-O {[%clk 01:26:08]} {[%emt 00:01:31]} 10.
e5 {[%clk 01:26:58]} {[%emt 00:01:59]} Nd7 {[%clk 01:25:07]} {[%emt 00:01:31]}
11. Bb1 {[%clk 01:22:38]} {[%emt 00:04:49]} Re8 {[%clk 01:23:26]} {[%emt
00:02:10]} 12. Qc2 {[%clk 01:21:33]} {[%emt 00:01:35]} g6 {[%clk 01:22:59]}
{[%emt 00:00:57]} 13. h3 {[%clk 01:15:35]} {[%emt 00:06:29]} b4 {[%clk
01:20:23]} {[%emt 00:03:06]} 14. Nh2 {[%clk 01:13:17]} {[%emt 00:02:48]} Ba6
{[%clk 01:16:36]} {[%emt 00:04:16]} 15. Qd1 {[%clk 01:08:24]} {[%emt 00:05:23]}
Qa5 {[%clk 01:13:52]} {[%emt 00:03:15]} 16. Qf3 {[%clk 01:04:45]} {[%emt
00:04:09]} bxc3 {[%clk 01:11:09]} {[%emt 00:03:13]} 17. bxc3 {[%clk 01:04:48]}
{[%emt 00:00:27]} Ba3 {[%clk 01:11:26]} {[%emt 00:00:14]} 18. Ng4 {[%clk
01:03:29]} {[%emt 00:01:48]} Re7 {[%clk 01:01:36]} {[%emt 00:10:18]} 19. Nf6+
{[%clk 00:59:08]} {[%emt 00:04:53]} Kg7 {[%clk 00:57:42]} {[%emt 00:04:23]} 20.
h4 {[%clk 00:53:38]} {[%emt 00:06:01]} Bxc1 {[%clk 00:56:10]} {[%emt 00:02:02]}
21. Rxc1 {[%clk 00:51:01]} {[%emt 00:03:07]} Nxd4 {[%clk 00:56:35]} {[%emt
00:00:05]} 22. cxd4 {[%clk 00:25:05]} {[%emt 00:26:26]} Qxd2 {[%clk 00:55:26]}
{[%emt 00:01:39]} 23. Bc2 {[%clk 00:18:53]} {[%emt 00:06:42]} Qxd4 {[%clk
00:55:20]} {[%emt 00:00:35]} 24. Qa3 {[%clk 00:19:08]} {[%emt 00:00:16]} Nc5
{[%clk 00:55:24]} {[%emt 00:00:26]} 25. Ng4 {[%clk 00:08:08]} {[%emt 00:11:30]}
Rc7 {[%clk 00:54:30]} {[%emt 00:01:24]} 26. Bd1 {[%clk 00:05:18]} {[%emt
00:03:21]} h5 {[%clk 00:48:58]} {[%emt 00:06:01]} 27. Nh2 {[%clk 00:02:48]}
{[%emt 00:03:00]} Qxe5 {[%clk 00:49:13]} {[%emt 00:00:15]} 28. Nf3 {[%clk
00:02:43]} {[%emt 00:00:35]} Qd6 {[%clk 00:49:37]} {[%emt 00:00:04]} 29. Qc3+
{[%clk 00:02:23]} {[%emt 00:00:52]} Kg8 {[%clk 00:48:53]} {[%emt 00:01:13]} 30.
Bc2 {[%clk 00:01:52]} {[%emt 00:01:01]} Rd8 {[%clk 00:47:26]} {[%emt 00:01:57]}
31. Qd4 {[%clk 00:01:56]} {[%emt 00:00:27]} Nd7 {[%clk 00:47:13]} {[%emt
00:00:42]} 32. Ba4 {[%clk 00:01:26]} {[%emt 00:01:01]} Qb6 {[%clk 00:45:01]}
{[%emt 00:02:42]} 33. Qd2 {[%clk 00:01:10]} {[%emt 00:00:46]} Nf6 {[%clk
00:44:27]} {[%emt 00:01:04]} 34. Rab1 {[%clk 00:01:20]} {[%emt 00:00:20]} Qd6
{[%clk 00:44:07]} {[%emt 00:00:50]} 35. Qd4 {[%clk 00:01:31]} {[%emt 00:00:20]}
Ng4 {[%clk 00:44:22]} {[%emt 00:00:14]} 36. Re1 {[%clk 00:01:35]} {[%emt
00:00:26]} Qc5 {[%clk 00:44:19]} {[%emt 00:00:34]} 37. Qd2 {[%clk 00:01:23]}
{[%emt 00:00:40]} c3 {[%clk 00:44:47]} {[%emt 00:00:03]} 38. Qg5 {[%clk
00:01:25]} {[%emt 00:00:28]} Nxf2 {[%clk 00:44:28]} {[%emt 00:00:50]} 39. Qxd8+
{[%clk 00:01:37]} {[%emt 00:00:17]} Kg7 {[%clk 00:44:25]} {[%emt 00:00:32]} 40.
Kh2 {[%clk 00:01:34]} {[%emt 00:00:34]} Ng4+ {[%clk 00:44:39]} 1/2-1/2